Southville International School and Colleges
Your cart is empty.
  • Cart
  • Lists
    Public lists Eva Luna New books Lux_list list_1
    Your lists Log in to create your own lists
  • Log in to your account
  • Your cookies
  • Search history
Southville International School and Colleges
  • Advanced search
  • Recent comments
  • Most popular
  • Libraries

Log in to your account

Log in with GOOGLE


If you do not have an external account, but do have a local account, you can still log in:

  1. Home
  2. MARC view: Flashy fantastic rainforest frogs /
Normal view MARC view ISBD view

Flashy fantastic rainforest frogs / (Record no. 105425)

[ view plain ]
MARC details
000 -LEADER
fixed length control field 00587nam a2200181 a 4500
005 - DATE AND TIME OF LATEST TRANSACTION
control field 20140412111358.0
008 - FIXED-LENGTH DATA ELEMENTS--GENERAL INFORMATION
fixed length control field 060126s19uu xx 00 eng d
020 ## - INTERNATIONAL STANDARD BOOK NUMBER
International Standard Book Number 0-590-10861-1
050 ## - LIBRARY OF CONGRESS CALL NUMBER
Classification number ER
Item number Fl61 1991
100 ## - MAIN ENTRY--PERSONAL NAME
Personal name Patent, Dorothy Hinshaw
245 ## - TITLE STATEMENT
Title Flashy fantastic rainforest frogs /
Statement of responsibility, etc Dorothy Hinshaw Patent ; illustrations by Kendahl Jan Jubb.
260 ## - PUBLICATION, DISTRIBUTION, ETC. (IMPRINT)
Place of publication, distribution, etc New York :
Name of publisher, distributor, etc Scholastic,
Date of publication, distribution, etc 1991.
300 ## - PHYSICAL DESCRIPTION
Extent 31 p. : col. , ill. ; cm.
500 ## - GENERAL NOTE
General note Includes index.
650 ## - SUBJECT ADDED ENTRY--TOPICAL TERM
Topical term or geographic name as entry element Frogs
General subdivision Juvenile literature
650 ## - SUBJECT ADDED ENTRY--TOPICAL TERM
Topical term or geographic name as entry element Rainforest
General subdivision Juvenile literature
Holdings
Withdrawn status Lost status Damaged status Use restrictions Home library Current library Shelving location Date acquired Source of acquisition Cost, normal purchase price Total Checkouts Full call number Barcode Date last seen Price effective from Koha item type
        Elizalde Library Elizalde Library Easy Reading Section 01/26/2006   195.00   ER Fl61 1991 E10128 04/12/2014 04/12/2014 Books

Flashy fantastic rainforest frogs /

APA

Patent D. H., . (1991). Flashy fantastic rainforest frogs. New York: Scholastic.

Chicago

Patent Dorothy Hinshaw, . 1991. Flashy fantastic rainforest frogs. New York: Scholastic.

Harvard

Patent D. H., . (1991). Flashy fantastic rainforest frogs. New York: Scholastic.

MLA

Patent Dorothy Hinshaw, . Flashy fantastic rainforest frogs. New York: Scholastic. 1991.

  • Place hold
  • Print
  • Cite
  • Add to your cart (remove)
  • Save record
    BIBTEX Dublin Core MARCXML MARC (non-Unicode/MARC-8) MARC (Unicode/UTF-8) MARC (Unicode/UTF-8, Standard) MODS (XML) RIS
  • More searches
    Search for this title in:
    Other Libraries (WorldCat) Other Databases (Google Scholar) Online Stores (Bookfinder.com) Open Library (openlibrary.org)

Exporting to Dublin Core...

SOUTHVILLE LIBRARY

Southville International School and Colleges Library

1281 Tropical Ave. Cor. Luxembourg St., BF Homes International, Las Pinas City

Tel. No. 8256374 / 252358 Loc. 117/146

Powered by Koha